| 000 | 01005cam a22002531i 4500 | ||
|---|---|---|---|
| 003 | SA-RiAUC | ||
| 005 | 20251001133649.0 | ||
| 008 | 241203s1925____su g 000r0 ara c | ||
| 040 |
_aSA-JeALM _bara _cSA-RiAUC _erda |
||
| 082 | 0 | 4 |
_a251.14 _qSA-RiAUC |
| 090 |
_a251.14 _bم ن و |
||
| 100 | 1 |
_aمنون، عيسى منون الشامي، _d1890-1956 _eمؤلف. |
|
| 245 | 1 | 0 |
_aنبراس العقول في تحقيق القياس عند علماء الأصول / _cعيسى منون. |
| 264 | 1 |
_aالطائف، السعودية : _bمكتبة المعارف، _c[1925] |
|
| 300 |
_aمجلد ؛ _c24 سم |
||
| 336 |
_aنص _btxt _2rdacontent _3كتاب |
||
| 337 |
_aبدون وسيط _bn _2rdamedia |
||
| 338 |
_aمجلد _bnc _2rdacarrier |
||
| 590 | _aالمكتبة يتوافر بها المجلد الأول. | ||
| 650 | 7 |
_aالقياس (أصول فقه) _2aucsh |
|
| 650 | 7 |
_aأصول الفقه الإسلامي _2aucsh |
|
| 942 |
_2ddc _cRARE BOOK _n0 |
||
| 949 |
_aSA-JeALM _d241203 _uosman123 _n1 |
||
| 999 |
_c3010 _d3010 |
||